000 02223nam a2200361 a 4500
001 000007387
003 DO-SdBNP
005 20221202123557.0
008 090908s1991 dr 000 e spa d
040 _aDO-SdBNP
_bspa
_cBPMSU
082 _a305.552
_bD286s 1991
_222
245 0 3 _aEl debate sobre las generaciones /
_cSoledad Álvarez … [et al.].
260 _aSanto Domingo :
_bFundación Cultural Dominicana,
_c1991.
300 _a172 p. ;
_c20 cm.
500 _aIncluye referencias bibliográficas y notas al pie de las páginas.
505 0 _aCrítica y reclamos de una generación 9 -- La decadencia de la dominicanidad hacia una filosofía del dominicano/Manuel Núñez 13 -- El Peña Batlle sobre el cual no se escribe/Bernardo Vega 27 -- ¿Dónde está la crisis de la dominicanidad?/Raymundo González 31 -- Sobre las generaciones perdidas/José Israel Cuello H 37 -- Haití y los intelectuales dominicanos/Andrés L. Mateo 45 -- El Peña Batlle sobre el cual no se escribe/Luis S. Peguero Moscoso 49 -- Bernardo que si; José que no/Consuelo Despradel 59 -- En busca de una generación/Faustino Collado 63 -- Peña Batlle y su marco histórico/Juan Daniel Balcácer 67 -- Comparando agendas generacionales/Bernardo Vega 81 -- Algo más sobre las generaciones o la terquedad como memoria del fuego/Chiqui Vicioso 89 -- Sobre pérdida de generaciones/José Israel Cuello H. 93
518 _aDebate: sobre el tema "Las generaciones" realizado en la Universidad Tecnológica de Santo Domingo (INTEC), entre diciembre de 1987 y febrero de 1988
590 _6Inventariado, 2022/VM
650 4 _aIntelectuales
_xAspectos sociales
_vEnsayos, conferencias, etc.
650 4 _aConflicto entre generaciones.
_xEnsayos, conferencias, etc.
650 4 _aCambios sociales
650 4 _aRelaciones intergeneracionales.
650 4 _aVida intelectual
_vEnsayos, conferencias, etc.
700 1 _aBalcácer, Juan Daniel
700 1 _aBrea, Ramonina
700 1 _aCollado, Faustino
_d1954-
700 1 _aCéspedes, Diógenes,
_d1941-
700 1 _aCollado Taveras, Faustino,
_d1954-
700 z _aTaveras, Faustino Collado,
_d1954-
700 z _aCéspedes, D.
910 _aVMateo V./Validado
942 _2ddc
_cBK
999 _c14355
_d14355